[Event "AUT-chT2W 9697"]
[Site "Austria"]
[Date "1996.??.??"]
[Round "1"]
[White "Schlosser, Philipp"]
[Black "Bachmayr, Peter"]
[Result "1/2-1/2"]
[WhiteElo "2540"]
[BlackElo "2305"]

1.Nf3 d5 2.c4 e6 3.d4 Nf6 4.Nc3 c5 5.e3 Nc6 6.cxd5 exd5 7.Be2 a6 8.O-O Bd6
9.b3 O-O 10.Bb2 Re8 11.dxc5 Bxc5 12.Rc1 Ba7 13.Na4 Ne4 14.Nd4 Bd7 15.Nxc6 Bxc6
16.Bd4 Bxd4 17.Qxd4 Bxa4 18.bxa4 Qa5 19.Bd3 h6 20.h3 Re6 21.Rc2 Rae8 22.a3 Rc6
23.Rfc1 Ree6 24.Qb4 Qc7 25.a5 g6 26.h4 Rxc2 27.Rxc2 Rc6 28.Rxc6 Qxc6 29.g3 Qc3
30.Qxc3 Nxc3 31.Kf1 Kf8 32.Ke1 Ke7 33.Kd2 Na4 34.g4 g5 35.hxg5 hxg5 36.Bc2 Nc5  1/2-1/2

[Event "AUT-chT9697"]
[Site "Austria"]
[Date "1996.??.??"]
[Round "2"]
[White "Schneider Zinner, Harald"]
[Black "Posch, Werner"]
[Result "1-0"]
[WhiteElo "2155"]
[BlackElo "2185"]

1.Nf3 d5 2.c4 c6 3.d4 Nf6 4.Nc3 Bf5 5.Qb3 Qb6 6.c5 Qc7 7.Bf4 Qc8 8.h3 h6
9.g4 Bh7 10.Bg2 e6 11.Rc1 Nbd7 12.Ne5 Be7 13.h4 h5 14.g5 Ng8 15.e4 Nxe5 16.dxe5 Bxc5
17.exd5 Ne7 18.Nb5 cxb5 19.Qxb5+ Qd7 20.Qxd7+ Kxd7 21.dxe6+ Kxe6 22.Rxc5 Rac8
23.Rxc8 Rxc8 24.O-O Rc4 25.Bg3 Be4 26.Rd1 Nf5 27.b3 Bc2 28.bxc4 Bxd1 29.Bd5+ Ke7
30.Bxb7 Nxg3 31.fxg3 Ke6 32.Bd5+ Kxe5 33.Bxf7 Kd4 34.Kf2 a5 35.Ke1 Bg4 36.Kd2 Bf3
37.Be6 Ke5 38.Ke3 Bd1 39.Bd5 a4 40.a3 Bc2 41.Kd2 Bf5 42.Kc3 g6 43.Bc6  1-0

[Event "AUT-chT9697"]
[Site "Austria"]
[Date "1996.??.??"]
[Round "5"]
[White "Sommerbauer, Norbert"]
[Black "Posch, Werner"]
[Result "1/2-1/2"]
[WhiteElo "2350"]
[BlackElo "2185"]

1.Nf3 d5 2.c4 c6 3.cxd5 cxd5 4.d4 Nc6 5.Nc3 Nf6 6.Bf4 Bf5 7.e3 e6 8.Qb3 Qb6
9.Bb5 Be7 10.O-O O-O 11.Na4 Qa5 12.Bxc6 bxc6 13.Rfc1 Rfc8 14.Qb7 Qxa4 15.Qxe7 Ne4
16.Ne5 Bg6 17.f3 Nf6 18.g4 Qb5 19.h4 Qxb2 20.h5 Re8 21.Qc5 Nxg4 22.Nxg4 Bxh5
23.Qc2 Qb5 24.Qg2 Bxg4 25.Qxg4 f6 26.Rc5 Qb7 27.Rac1 Rac8 28.R5c3 e5 29.Rb3 Qe7
30.Bg3 c5 31.dxc5 Rxc5 32.Rxc5 Qxc5 33.Bf2 Qc6 34.Qb4 Qe6 35.e4 dxe4 36.Qxe4 f5
37.Qh4 Rc8 38.Rb7 h6 39.Rxa7 Rc1+ 40.Kg2 e4 41.fxe4 Qc4 42.Qd8+ Kh7 43.Rxg7+ Kxg7
44.Bd4+ Kf7 45.Qd7+  1/2-1/2

[Event "AUT-chT2S 9697"]
[Site "Austria"]
[Date "1996.??.??"]
[Round "5"]
[White "Forintos, Gyozo V"]
[Black "Perhinig, Robert"]
[Result "1-0"]
[WhiteElo "2405"]
[BlackElo "2185"]

1.Nf3 d5 2.c4 d4 3.b4 g6 4.e3 Bg7 5.Nxd4 Bxd4 6.exd4 Qxd4 7.Nc3 Nf6 8.Be2 Ne4
9.Nxe4 Qxe4 10.O-O O-O 11.d3 Qd4 12.Be3 Qd6 13.Bc5 Qf6 14.b5 Nd7 15.Be3 Rd8
16.d4 Nf8 17.Qd2 c5 18.d5 b6 19.Rad1 h5 20.Bg5 Qd6 21.Bf4 Qd7 22.Qe3 Re8
23.Qg3 Qf5 24.Bf3 Bb7 25.Rfe1 f6 26.Bh6 Kf7 27.h3 g5 28.Bxh5+ Ng6 29.Bg4  1-0

[Event "AUT-chT2S 9697"]
[Site "Austria"]
[Date "1996.??.??"]
[Round "6"]
[White "Kotz, Heinz Peter"]
[Black "Vodep, Otto"]
[Result "1/2-1/2"]
[WhiteElo "2275"]
[BlackElo "2205"]

1.Nf3 d5 2.c4 e6 3.g3 Nf6 4.Bg2 Be7 5.O-O O-O 6.b3 c6 7.Bb2 a5 8.Qc2 Na6
9.Nc3 Rb8 10.d4 b5 11.Ne5 Nb4 12.Qd2 Nd7 13.cxb5 cxb5 14.a3 Nxe5 15.axb4 Nc6
16.bxa5 Nxa5 17.Qc2 Bd7  1/2-1/2

[Event "AUT-chT9697"]
[Site "Austria"]
[Date "1996.??.??"]
[Round "6"]
[White "Hoelzl, Franz"]
[Black "Wach, Markus"]
[Result "1-0"]
[WhiteElo "2345"]
[BlackElo "2390"]

1.Nf3 d5 2.c4 c6 3.e3 Nf6 4.Nc3 e6 5.b3 Nbd7 6.Bb2 Nc5 7.Qc2 a5 8.Be2 Bd6
9.O-O O-O 10.d4 Nce4 11.c5 Bc7 12.Bd3 Nxc3 13.Bxc3 h6 14.Ne5 Nd7 15.f4 f5
16.Be1 Nxe5 17.fxe5 Bd7 18.b4 a4 19.Bd2 b5 20.cxb6 Bxb6 21.Qb2 Qb8 22.Rac1 Qa7
23.Kh1 a3 24.Qc3 Be8 25.Rf2 g5 26.Rcf1 g4 27.Rb1 h5 28.Qc1 h4 29.h3 Qg7 30.Qf1 Bh5
31.Rc1 Rac8 32.Be1 f4 33.Rxf4 Rxf4 34.exf4 Bxd4 35.Bxh4 c5 36.bxc5 Rxc5 37.Rxc5 Bxc5
38.Bf6 Qh6 39.Bg5 Qf8 40.Qd1 Qb8  1-0

[Event "AUT-ch (Women)"]
[Site "?"]
[Date "1996.??.??"]
[Round "9"]
[White "Schwaninger, Ulrike"]
[Black "Lukan, Dunja"]
[Result "1/2-1/2"]
[WhiteElo "1790"]
[BlackElo "1770"]

1.Nf3 d5 2.c4 c6 3.e3 e6 4.d4 Nf6 5.a3 Nbd7 6.Nc3 Bd6 7.Be2 O-O 8.b4 dxc4
9.Bxc4 Nd5 10.Nxd5 cxd5 11.Bd3 a6 12.Qc2 h6 13.Bb2 Nf6 14.O-O Bd7 15.Ne5 Rc8
16.Qe2 Qe7 17.b5 a5 18.a4 b6 19.Rfc1 Rxc1+ 20.Rxc1 Rc8 21.Rxc8+ Bxc8 22.Qc2 Qc7
23.Qxc7 Bxc7 24.Ba3 Bb7 25.f3 Ne8 26.Kf2 Nd6 27.Ke2 g6 28.h3 Kg7 29.Nc6 f5
30.Bc1 Kf6 31.Ne5 g5 32.g4 Bc8 33.Bc2 Bb8 34.gxf5 Nxf5 35.Nc6 Bc7 36.e4 dxe4
37.fxe4 Ne7 38.Bb2 Nxc6 39.bxc6 Ke7 40.e5 Ba6+ 41.Kf3 Bf1 42.Ba3+ Ke8 43.Bg6+ Kd8
44.Kg3 b5 45.axb5 Bxb5 46.Bf7 Bc4 47.Bc5 a4 48.Kf2 Ba5 49.Ke3 Bc3 50.Ba3 Bd5
51.Kd3 Ba5 52.Bc5 Bb3 53.Bd6 Bd5 54.Kc2 Bb3+ 55.Kb2 Bb6 56.Kc3 Ba5+ 57.Kd3 Bd5
58.Ke3 Bc3 59.c7+ Kc8 60.Be8 a3 61.Bxa3 Kxc7 62.Bf8 Bg2 63.Bxh6 Bxh3 64.Bxg5 Bg2
65.Kd3 Be1 66.Kc4 Bd5+ 67.Kc5 Ba5 68.Kb5 Bc3 69.Be3 Be1 70.Bc1 Bc3 71.Be3 Be1
72.Bf7 Bc3 73.Kc5 Bb2 74.Bd2 Kd7 75.Bh5 Ba3+ 76.Bb4 Bb2 77.Be2 Ba1 78.Bb5+ Kc7
79.Ba5+ Kb7 80.Kd6 Bxd4  1/2-1/2

[Event "AUT-chT9596"]
[Site "?"]
[Date "1996.??.??"]
[Round "?"]
[White "Schweda, Roland"]
[Black "Weinzettl, Ernst"]
[Result "1/2-1/2"]
[WhiteElo "2330"]
[BlackElo "2395"]

1.Nf3 d5 2.c4 c6 3.d4 Nf6 4.Nc3 dxc4 5.a4 Bf5 6.e3 e6 7.a5 Na6 8.Bxc4 Nb4
9.O-O Be7 10.Qe2 Ne4 11.Nxe4 Bxe4 12.Bd2 a6 13.Ra4 Nd5 14.Bd3 Nf6 15.Bxe4 Nxe4
16.Bb4 Bxb4 17.Rxb4 Rb8 18.Qc2 Nd6 19.Ne5 O-O 20.Ra1 Qc7 21.f4 Rfd8 22.Nd3 Ne4
23.Nc5 Nxc5 24.Qxc5 Rd5 25.Qb6 Qe7 26.Rc1 g5 27.e4 Rdd8 28.Qc5 Qxc5 29.Rxc5 gxf4
30.Kf2 Rbc8 31.Kf3 Rc7 32.Kxf4 f6 33.g4 Kg7 34.h4 Re7 35.g5 h6 36.Rc3 hxg5+
37.hxg5 e5+ 38.dxe5 fxe5+ 39.Kg4 Kg6 40.Rf3 Rd4 41.Rxd4 exd4 42.Rf6+ Kg7
43.Rd6 Rxe4+ 44.Kf5 Re7 45.Rxd4 c5 46.Rd6 c4 47.Rd5 Rc7 48.Re5 Kf7 49.Rd5 Kg7
50.Ke4 c3 51.bxc3 Rxc3 52.Kd4 Ra3 53.Rc5 Kg6 54.Kc4 Ra1 55.Kd4 Rd1+ 56.Ke4 Rb1
57.Rd5 Rb4+ 58.Kd3 Rb1  1/2-1/2

[Event "AUT-chT9596"]
[Site "?"]
[Date "1996.??.??"]
[Round "?"]
[White "Sommerbauer, Norbert"]
[Black "Bawart, Markus"]
[Result "0-1"]
[WhiteElo "2385"]
[BlackElo "2265"]

1.Nf3 d5 2.c4 c6 3.cxd5 cxd5 4.d4 Nf6 5.Nc3 Nc6 6.Bf4 e6 7.e3 Bd6 8.Bg3 O-O
9.Bd3 Kh8 10.Rc1 a6 11.Qe2 Qe7 12.Ne5 Bd7 13.f4 Bxe5 14.fxe5 Ng8 15.O-O f5
16.exf6 Nxf6 17.Bh4 Rad8 18.Rf2 Be8 19.Rcf1 e5 20.dxe5 Nxe5 21.Bxf6 Rxf6
22.Rxf6 gxf6 23.Rd1 Bc6 24.Bf5 Qg7 25.Rd4 Qg5 26.e4 Rg8 27.Nxd5 Bb5 28.h4 Qg3  0-1

[Event "AUT-chT9596"]
[Site "?"]
[Date "1996.??.??"]
[Round "?"]
[White "Plachetka, Jan"]
[Black "Stajcic, Nikola"]
[Result "1-0"]
[WhiteElo "2440"]
[BlackElo "2325"]

1.Nf3 d5 2.c4 dxc4 3.e3 Nf6 4.Bxc4 e6 5.O-O c5 6.b3 a6 7.Bb2 b5 8.Be2 Bb7
9.a4 b4 10.d3 a5 11.Nbd2 Nbd7 12.Rc1 Be7 13.Nc4 O-O 14.e4 Nb6 15.Nfe5 Nxc4
16.Nxc4 Ba6 17.f4 Bxc4 18.Rxc4 Nd7 19.Kh1 Nb6 20.Rc2 Rc8 21.f5 exf5 22.Rxf5 f6
23.Bg4 Bd6 24.Rh5 g6 25.Bxc8 Qxc8 26.Rh3 Qe6 27.Rf2 Be5 28.d4 Rd8 29.Rd2 Bf4
30.Rdd3 c4 31.bxc4 Nxc4 32.Qb3 Re8 33.Ba1 Nb6 34.Qxe6+ Rxe6 35.e5 fxe5 36.dxe5 Bxe5
37.Rd8+ Kg7 38.Re3 Nc4 39.Rxe5 Nxe5 40.Rd5 Kf6 41.Rxa5 Kf5 42.Rb5 b3 43.Kg1 Ke4
44.Rxb3 Nc4 45.Bc3 Kd5 46.Rb1 Re3 47.Rc1 Re2 48.Ra1 Ne3 49.Re1 Rxe1+ 50.Bxe1 Nc2
51.Kf2 Nxe1 52.Kxe1 Kc4 53.Ke2 Kb4 54.Ke3 Kxa4 55.Kf4  1-0

[Event "AUT-chT9596"]
[Site "?"]
[Date "1996.??.??"]
[Round "?"]
[White "Ebner, Hubert"]
[Black "Posch, Werner"]
[Result "1-0"]
[WhiteElo "2240"]
[BlackElo "2180"]

1.Nf3 d5 2.c4 c6 3.d4 Nf6 4.Nc3 Bf5 5.cxd5 Nxd5 6.e3 e6 7.Bc4 Nd7 8.O-O N7f6
9.Re1 Be7 10.Qb3 b5 11.Bf1 Ne4 12.Ne5 Nb4 13.a3 f6 14.g4 fxe5 15.gxf5 Ng5
16.Bg2 exd4 17.exd4 Nd3 18.Bxg5 Bxg5 19.Rxe6+ Kf8 20.Bxc6 Qxd4 21.Ne4 Rd8
22.Rd1 Be7 23.Bxb5 Rd5 24.Rxd3 Rxb5  1-0

[Event "AUT-chT9596"]
[Site "?"]
[Date "1996.??.??"]
[Round "?"]
[White "Grillitsch, Karl"]
[Black "Wiedner, Robert"]
[Result "1/2-1/2"]
[WhiteElo "2275"]
[BlackElo "2225"]

1.Nf3 d5 2.c4 Nf6 3.cxd5 Nxd5 4.Nc3 e6 5.d4 c5 6.e3 cxd4 7.exd4 Be7 8.Bd3 Nc6
9.O-O Qa5 10.Bd2 Qb6 11.Re1 Ndb4 12.Bf4 Nxd3 13.Qxd3 O-O 14.d5 Rd8 15.Rad1 Nb4
16.Qe2 Bf8 17.Bg5 Rd6 18.Bf4 Rd8  1/2-1/2

[Event "AUT-chT2S 9596"]
[Site "AUT"]
[Date "1996.??.??"]
[Round "?"]
[White "Pils, Walter"]
[Black "Kwatschewsky, Leo"]
[Result "1/2-1/2"]
[WhiteElo "2345"]
[BlackElo "2280"]

1.Nf3 d5 2.c4 c6 3.cxd5 cxd5 4.d4 Nf6 5.Nc3 Nc6 6.Qb3 g6 7.Bf4 Bg7 8.e3 O-O
9.Be2 b6 10.Rc1 Bb7 11.O-O Ne4 12.Rfd1 e6 13.Qa4 a6 14.Qb3 Rc8 15.Na4 b5
16.Nc5 Nxc5 17.Rxc5 Qd7  1/2-1/2

[Event "AUT-ch"]
[Site "AUT"]
[Date "1996.??.??"]
[Round "2"]
[White "Hager, Franz"]
[Black "Halser, Walter"]
[Result "1-0"]
[WhiteElo "2240"]
[BlackElo "2175"]

1.Nf3 d5 2.c4 e6 3.g3 dxc4 4.Bg2 Nd7 5.Qa4 c6 6.Qxc4 Ngf6 7.O-O Be7 8.d4 O-O
9.Rd1 Qa5 10.Bd2 Qh5 11.h3 Ne4 12.Bf4 Nb6 13.Qc2 f5 14.Nc3 Nxc3 15.bxc3 g5
16.Bc7 Nd5 17.Be5 Bd7 18.c4 Nf6 19.Rab1 b6 20.Bxf6 Bxf6 21.Ne5 Be8 22.c5 g4
23.hxg4 fxg4 24.cxb6 axb6 25.Bxc6 Rc8 26.Bxe8 Rfxe8 27.Nd7 Bg7 28.Qe4 Rc7
29.Nxb6 Rf7 30.Nc4 Bh6 31.Ne5 Rg7 32.Rd3 Rf8 33.Rbb3 Rxf2 34.Kxf2 Qh2+ 35.Qg2  1-0

[Event "AUT-ch"]
[Site "AUT"]
[Date "1996.??.??"]
[Round "4"]
[White "Sommerbauer, Norbert"]
[Black "Wach, Markus"]
[Result "1/2-1/2"]
[WhiteElo "2350"]
[BlackElo "2390"]

1.Nf3 d5 2.c4 c6 3.cxd5 cxd5 4.d4 Nc6 5.Nc3 Nf6 6.Bf4 Ne4 7.e3 Nxc3 8.bxc3 g6
9.Ne5 Bg7 10.Bb5 Bxe5 11.Bxe5 O-O 12.Bg3 Bf5 13.O-O Rc8 14.c4 dxc4 15.Bxc4 Na5
16.Bd3 Qd5 17.f3 Rfd8 18.Bf2 Bxd3 19.Qxd3 Qc4  1/2-1/2

[Event "AUT-ch"]
[Site "AUT"]
[Date "1996.??.??"]
[Round "6"]
[White "Rockenschaub, Manfred"]
[Black "Petschar, Kurt"]
[Result "1/2-1/2"]
[WhiteElo "2205"]
[BlackElo "2270"]

1.Nf3 d5 2.c4 d4 3.g3 Nc6 4.Bg2 g6 5.d3 Bg7 6.O-O e5 7.Na3 Nge7 8.Bd2 a5
9.Nc2 O-O 10.b3 h6 11.a3 Be6 12.b4 axb4 13.axb4 Rxa1 14.Qxa1 e4 15.Nfe1 exd3
16.exd3 Ne5 17.Qa7  1/2-1/2

[Event "Wch Seniors"]
[Site "Bad Liebenzell"]
[Date "1996.??.??"]
[Round "4"]
[White "Krogius, Nikolai V"]
[Black "Niebling, Ferdinand"]
[Result "1/2-1/2"]
[WhiteElo "2470"]
[BlackElo "2290"]

1.Nf3 d5 2.c4 e6 3.g3 Nf6 4.Bg2 Be7 5.O-O O-O 6.d4 c5 7.cxd5 Nxd5 8.Nc3 Nc6
9.e4 Nxc3 10.bxc3 cxd4 11.cxd4 b6 12.Bb2 Ba6 13.Re1 Na5 14.d5 exd5 15.exd5 Bf6
16.Ne5 Nc4 17.Nxc4 Bxc4 18.Qd2 Bxb2 19.Qxb2 Qd6  1/2-1/2

[Event "Balatonbereny op"]
[Site "Balatonbereny"]
[Date "1996.??.??"]
[Round "3"]
[White "Kleeschaetzky, Rainer"]
[Black "Lukacs, Peter"]
[Result "0-1"]
[WhiteElo "2295"]
[BlackElo "2440"]

1.Nf3 d5 2.c4 d4 3.e3 Nc6 4.exd4 Nxd4 5.Nxd4 Qxd4 6.Nc3 e5 7.d3 Ne7 8.Be3 Qd8
9.d4 exd4 10.Qxd4 Qxd4 11.Bxd4 Nc6 12.Be3 Bb4 13.Rc1 Bf5 14.a3 Bd6 15.Be2 O-O-O
16.O-O Be5 17.Rfd1 Nd4 18.Bxd4 Rxd4 19.Rxd4 Bxd4 20.Nd1 Rd8 21.Kf1 c6 22.b4 Kc7
23.c5 Be5 24.Ne3 Bb2 25.Re1 Be6 26.Bc4 Bc8 27.Rb1 Bxa3 28.Rb3 Bc1 29.Bxf7 Rd4
30.Nc4 b6 31.Ke1 b5 32.Nd6 Bd2+ 33.Ke2 Bxb4 34.Ne8+ Kb8 35.Nxg7 Bxc5 36.Rc3 Rf4
37.Be6 Bd4 38.Rxc6 Bb7 39.Rd6 Bxg7  0-1

[Event "Balatonbereny op"]
[Site "Balatonbereny"]
[Date "1996.??.??"]
[Round "5"]
[White "Kleeschaetzky, Rainer"]
[Black "Meszaros, Attila"]
[Result "1-0"]
[WhiteElo "2295"]
[BlackElo "2090"]

1.Nf3 d5 2.c4 c6 3.b3 Nf6 4.Bb2 Bg4 5.e3 e6 6.Be2 Nbd7 7.O-O Be7 8.h3 Bxf3
9.Bxf3 O-O 10.d4 Qc7 11.Nc3 Rfd8 12.Qe2 Nf8 13.Rfd1 Rac8 14.Rd2 Rd7 15.Rad1 Rcd8
16.g3 Qa5 17.Rc2 Ba3 18.Ba1 Ng6 19.c5 e5 20.Na4 exd4 21.Bxd4 Ne4 22.Kg2 Qc7
23.Bxe4 dxe4 24.Nc3 f5 25.Nb1 Qa5 26.Bc3 Qxc5 27.Rxd7 Rxd7 28.Bb2 Qe7 29.Nxa3 Qg5
30.Kh2 h5 31.Nc4 h4 32.Ne5 hxg3+ 33.fxg3 f4 34.exf4 Nxf4 35.Qg4  1-0

[Event "Balatonbereny op"]
[Site "Balatonbereny"]
[Date "1996.??.??"]
[Round "8"]
[White "Tolnai, Tibor"]
[Black "Okhotnik, Vladimir"]
[Result "1-0"]
[WhiteElo "2450"]
[BlackElo "2425"]

1.Nf3 d5 2.c4 c6 3.g3 dxc4 4.Bg2 Nd7 5.O-O Ngf6 6.Na3 Nb6 7.Qc2 g6 8.Nxc4 Nxc4
9.Qxc4 Bg7 10.d3 O-O 11.Bd2 a5 12.Qc2 Nd5 13.a3 a4 14.e4 Nc7 15.Bc3 Nb5 16.Bxg7 Kxg7
17.h3 Be6 18.d4 Qb6 19.Qd2 Rfd8 20.Qb4 Rd7 21.Rfd1 Bb3 22.Rd2 Qa5 23.Qxa5 Rxa5
24.Rc1 f6 25.Rc5 Ra8 26.d5 Rad8 27.Bf1 Nd6 28.dxc6 bxc6 29.Rd4 Nf7 30.Rxd7 Rxd7
31.Rxc6 Rd1 32.Rc7 Ne5 33.Nxe5 fxe5 34.Rxe7+ Kf6 35.Rc7 Rb1 36.h4 Ke6 37.Kg2 Rxb2
38.Bc4+ Kd6 39.Rb7 h5 40.Rb4 Ke7 41.Bb5 Ra2 42.Bxa4 Be6 43.Rb7+ Kf8 44.Bb3 Bxb3
45.Rxb3 Kg7 46.Kf3 Kf6 47.Ke3 Ra1 48.Rb6+ Kf7 49.Ra6 Re1+ 50.Kf3 Ra1 51.a4 Ra3+
52.Kg2 Ra2 53.Ra8 Kg7 54.a5 Ra4 55.Kf3 Ra3+ 56.Ke2 Ra2+ 57.Ke3 Ra3+ 58.Kd2 Ra2+
59.Kc3 Ra4 60.f3 Ra3+ 61.Kb4 Rxf3 62.Re8 Kf7 63.Rxe5 Rf1 64.a6 Rg1 65.a7  1-0

[Event "Bardejov"]
[Site "Bardejov"]
[Date "1996.??.??"]
[Round "?"]
[White "Balogh, Tomas"]
[Black "Bekiarisova, Alena"]
[Result "1/2-1/2"]
[WhiteElo "2330"]
[BlackElo "2110"]

1.Nf3 d5 2.c4 e6 3.g3 Nf6 4.Bg2 Be7 5.O-O O-O 6.d4 Nbd7 7.Nc3 c6 8.Qc2 b6
9.Bf4 Bb7 10.cxd5 exd5 11.Rad1 Re8 12.Rfe1 Nf8 13.Ne5 Bd6 14.Nd3 Ne6 15.Bxd6 Qxd6
16.e3 Ng5 17.Ne5 Rad8 18.f4 Nge4 19.Nxe4 Nxe4 20.Rc1 Qe6 21.Qa4 c5 22.Bxe4 dxe4
23.dxc5 f6 24.c6 Ba8 25.c7 Rc8 26.Nd7 Re7 27.Red1 Bd5 28.Qa6 Qxd7 29.Rxd5 Rxc7
30.Rcd1 Qg4 31.Qb5 h6 32.R5d2 Kh7 33.Qe2 Qe6 34.Rd5 Qf7 35.Qd2 Rc8 36.Qg2 Rc1
37.Qd2 Rec7 38.Rxc1 Rxc1+ 39.Qxc1 Qxd5 40.Qc2 f5 41.a3 Qd6 42.Kf2 Qg6 43.Qd1 Qc6
44.Ke1 Qc4 45.Qd2 Qb3 46.Kf2 Qf7 47.Qe2 Qb3 48.h3 Qf7 49.g4 fxg4 50.hxg4 Qc7
51.Qd2 Qc4 52.Qd4 Qc2+ 53.Kg3 Qb1 54.f5 Qh1  1/2-1/2

[Event "Regionalliga SW9596"]
[Site "Bayern"]
[Date "1996.??.??"]
[Round "?"]
[White "Schlinkmeier, Karsten"]
[Black "Schoenbauer, Max"]
[Result "0-1"]
[WhiteElo "2095"]
[BlackElo "2085"]

1.Nf3 d5 2.c4 e6 3.b3 Nf6 4.Bb2 Nbd7 5.e3 c6 6.Be2 Bd6 7.cxd5 exd5 8.Ba3 Bxa3
9.Nxa3 O-O 10.O-O Qe7 11.Nb1 Ne5 12.Nxe5 Qxe5 13.d4 Qd6 14.Qc2 Re8 15.Nc3 Bg4
16.Bd3 Re7 17.a3 Rae8 18.b4 a6 19.Na4 Bc8 20.Nc5 Ng4 21.g3 Qh6 22.h4 g5 23.Kg2 gxh4
24.Bf5 Qg5 25.Bxc8 Rxc8 26.Rh1 Rxe3 27.gxh4 Qf4 28.Rhg1 Qh2+ 29.Kf1 Qh3+
30.Rg2 Rg3 31.fxg3 Ne3+ 32.Kg1 Nxc2 33.Rxc2 Re8 34.Rg2 Qg4 35.Rf1 Qxd4+ 36.Kh2 Re7
37.Rf3 Qd1 38.Rgf2 Re1 39.g4 Rh1+ 40.Kg3 Qg1+ 41.Rg2 Qe1+ 42.Rgf2 Qe7 43.g5 Qe5+
44.Rf4 Qe3+ 45.R4f3 Qe1 46.Nd7 Qe6 47.Nf6+ Kh8 48.Rf5 d4 49.Ng4 Rg1+ 50.Kh3 Rh1+
51.Kg3 Rg1+ 52.Kh3 d3 53.R5f4 d2 54.Rxd2 Qb3+  0-1

[Event "Regionalliga SO9596"]
[Site "Bayern"]
[Date "1996.??.??"]
[Round "?"]
[White "Kaiser, Wolfgang"]
[Black "Koenig, Bernhard"]
[Result "1-0"]
[WhiteElo "2355"]
[BlackElo "2025"]

1.Nf3 d5 2.c4 e6 3.b3 Nf6 4.Bb2 a5 5.Nc3 Be7 6.e3 O-O 7.Be2 b6 8.O-O Bb7
9.a3 c5 10.Ne5 Nc6 11.f4 dxc4 12.bxc4 Nxe5 13.fxe5 Nd7 14.Nb5 f6 15.Bg4 Nxe5
16.Bxe6+ Kh8 17.d4 Nf7 18.Bf5 Nh6 19.Bc2 Qd7 20.d5 Rad8 21.Qd3 f5 22.e4 Ba6
23.a4 Bxb5 24.axb5 Ng4 25.e5 Bg5 26.Rae1 Rde8 27.Qg3 h6 28.h3 Ne3 29.Rxe3 Bxe3+
30.Qxe3 f4 31.Qf3  1-0

[Event "Regionalliga SW9697"]
[Site "Bayern"]
[Date "1996.??.??"]
[Round "?"]
[White "Neidl, Hans"]
[Black "Strehle, Isabel"]
[Result "1/2-1/2"]
[WhiteElo "1805"]
[BlackElo "1815"]

1.Nf3 d5 2.c4 e6 3.b3 Nf6 4.Bb2 Nbd7 5.e3 b6 6.Be2 Bb7 7.O-O Bd6 8.d4 O-O
9.Nc3 a6 10.Rc1 Qe7 11.Bd3 e5 12.dxe5 Nxe5 13.Nxd5 Nxd5 14.cxd5 f5 15.Be2 Rf6
16.Nxe5 Bxe5 17.Bxe5 Qxe5 18.Bf3 Rd8 19.Qc2 Rd7 20.d6 Rh6 21.g3 c6 22.Bxc6 Bxc6
23.Qxc6 Rhxd6 24.Qa8+ Kf7 25.Qxa6 h5 26.Qc8 Rd2 27.Rc2 Rd1 28.Qc4+ Kf8 29.Rc1 R1d6
30.Qh4 g6 31.Rc8+ Kg7 32.Qc4  1/2-1/2

[Event "Oberliga Bayern9697"]
[Site "Bayern"]
[Date "1996.??.??"]
[Round "?"]
[White "Jirovsky, Milos"]
[Black "Bachmayr, Peter"]
[Result "1-0"]
[WhiteElo "2445"]
[BlackElo "2340"]

1.Nf3 d5 2.c4 e6 3.g3 Nf6 4.Bg2 Be7 5.O-O O-O 6.d4 c5 7.cxd5 exd5 8.Nc3 Nc6
9.b3 Ne4 10.Bb2 Bf6 11.Na4 b6 12.Rc1 Ba6 13.dxc5 Bxb2 14.Nxb2 bxc5 15.Na4 Re8
16.Re1 c4 17.Nd2 Qa5 18.Bxe4 dxe4 19.Nxc4 Bxc4 20.Rxc4 Rad8 21.Qc1 Nd4 22.Qc3 Qd5
23.Rc5 Qe6 24.Kg2 e3 25.f3 g6 26.Qc4 h5 27.Qxe6 Nxe6 28.Rc2 Rc8 29.Rcc1 Red8
30.Kf1 Rxc1 31.Rxc1 Rd2 32.Nc3 Nd4 33.f4 Nf5 34.Rd1 Rc2 35.Rd3 Rc1+ 36.Kg2 Kg7
37.b4 Kh6 38.a3 Re1 39.Rd1 Rxd1 40.Nxd1 Nd4 41.Nxe3 Nxe2 42.Nd5 Nd4 43.a4 g5
44.b5 gxf4 45.gxf4 Kg7 46.Kh3 Kf8 47.Kh4 Nf3+ 48.Kxh5 Nxh2 49.a5 Nf3 50.b6  1-0

[Event "Belgrade Yugometal (Women)"]
[Site "Belgrade"]
[Date "1996.??.??"]
[Round "10"]
[White "Ioseliani, Nana"]
[Black "Skripchenko, Almira"]
[Result "1-0"]
[WhiteElo "2500"]
[BlackElo "2370"]

1.Nf3 d5 2.c4 dxc4 3.Na3 c5 4.Nxc4 Nc6 5.g3 g6 6.Bg2 Bg7 7.O-O Nf6 8.d3 Nd5
9.Bg5 O-O 10.Qd2 Re8 11.Bh6 Bh8 12.Ne3 e6 13.Rac1 b6 14.Nc4 Bb7 15.Ng5 Qe7
16.e4 Nf6 17.h3 Nd7 18.f4 f6 19.Nf3 e5 20.f5 Bg7 21.fxg6 hxg6 22.Nh4 Kh7
23.Bxg7 Kxg7 24.Ne3 Nd4 25.Bf3 Rh8 26.Bg4 Nf8 27.Rf2 Rd8 28.Rcf1 Rd6 29.Nc4 Rc6
30.Ng2 Nh7 31.h4 Ba8 32.a4 Rc7 33.Nge3 Qd8 34.Bd1 Rf8 35.Ng4 Kg8 36.Qh6 Rg7
37.Ncxe5 fxe5 38.Rxf8+ Nxf8 39.Nf6+ Kf7 40.Nh5+ Nf5 41.Qxg7+ Ke6 42.exf5+ gxf5  1-0

[Event "Berliner Sommer"]
[Site "Berlin"]
[Date "1996.??.??"]
[Round "2"]
[White "Umanskaya, Irina"]
[Black "Makarov, Marat"]
[Result "1/2-1/2"]
[WhiteElo "2295"]
[BlackElo "2560"]

1.Nf3 d5 2.c4 dxc4 3.e3 Nf6 4.Bxc4 e6 5.d4 c5 6.O-O a6 7.dxc5 Bxc5 8.Qe2 b5
9.Bd3 Nc6 10.Nbd2 O-O 11.Nb3 Bd6 12.Rd1 Bb7 13.Bd2 Qe7 14.h3 Rfd8 15.Na5 Nxa5
16.Bxa5 Bc7 17.Bxc7 Qxc7 18.Rac1 Qe7  1/2-1/2

[Event "Berliner Sommer"]
[Site "Berlin"]
[Date "1996.??.??"]
[Round "5"]
[White "Espig, Lutz"]
[Black "Luckow, Rolf"]
[Result "1-0"]
[WhiteElo "2395"]
[BlackElo "2180"]

1.Nf3 d5 2.c4 c6 3.d4 Nf6 4.cxd5 cxd5 5.Nc3 Nc6 6.Bf4 e6 7.e3 Nh5 8.Bg5 Be7
9.Bxe7 Qxe7 10.Bd3 O-O 11.Ne5 Nxe5 12.Bxh7+ Kxh7 13.Qxh5+ Kg8 14.dxe5 Qb4
15.O-O-O g6 16.Qg5 Re8 17.Rd4 Qe7 18.Qxe7 Rxe7 19.e4 b6 20.exd5 exd5 21.f4 Bb7
22.Nxd5 Bxd5 23.Rxd5 Rc8+ 24.Kd2 Rc4 25.g3 Kg7 26.Rc1 Ra4 27.a3 f6 28.exf6+ Kxf6
29.Rc6+ Kf7 30.Rcd6 Rae4 31.Kc3 Rc7+  1-0

[Event "Berliner Sommer"]
[Site "Berlin"]
[Date "1996.??.??"]
[Round "9"]
[White "Makarov, Marat"]
[Black "Muse, Mladen"]
[Result "1-0"]
[WhiteElo "2560"]
[BlackElo "2445"]

1.Nf3 d5 2.c4 d4 3.g3 Nc6 4.Bg2 e5 5.O-O Nf6 6.d3 a5 7.e3 dxe3 8.Bxe3 Be7
9.Nc3 O-O 10.h3 Bf5 11.Qb3 Qc8 12.Nd5 Nxd5 13.cxd5 Nb4 14.Nxe5 Bxh3 15.a3 a4
16.Qc4 b5 17.Qxb5 Nc2 18.Nc6 Bd6 19.Bc5 Re8 20.Rac1 Bxg2 21.Kxg2 Re2 22.Rxc2 Rxc2
23.Bxd6 Kh8 24.Bf4 Re2 25.Be3 Qe8 26.Kf3 Rc2 27.Nd4 Qxb5 28.Nxb5 Ra5 29.Nd4 Rxb2
30.Rc1 Rxd5 31.Rxc7 h6 32.Ra7 Rb6 33.Rxa4 Rf6+ 34.Kg2 Rfd6 35.Rc4 Ra6 36.Bc1 f5
37.Bb2 Rb6 38.Rb4 Rg6 39.Ne2 Ra6 40.Nf4  1-0

[Event "Bern op"]
[Site "Bern"]
[Date "1996.??.??"]
[Round "5"]
[White "Kaenel, Hansjuerg"]
[Black "Dervishi, Erald"]
[Result "1/2-1/2"]
[WhiteElo "2390"]
[BlackElo "2290"]

1.Nf3 d5 2.c4 e6 3.b3 Nf6 4.Bb2 Be7 5.e3 O-O 6.Be2 b6 7.O-O Bb7 8.Ne5 c5
9.f4 Nc6 10.Bf3 Qc7 11.Na3 a6 12.Qe2 Rad8 13.d3 Nd7 14.Nxc6 Bxc6 15.Rac1 Nf6
16.Rfd1 Qb7 17.Nc2 Rd7 18.Ne1 Rfd8 19.g3 Ne8 20.Bg2 Bf6 21.Bxf6 Nxf6 22.Nf3 dxc4
23.bxc4 Bxf3 24.Bxf3 Qc7 25.Rb1 h6 26.e4 Rd4 27.e5 Nd7  1/2-1/2

[Event "Biel op MTO"]
[Site "Biel"]
[Date "1996.??.??"]
[Round "2"]
[White "Ditzler, Juerg"]
[Black "Klovans, Janis"]
[Result "1-0"]
[WhiteElo "2200"]
[BlackElo "2530"]

1.Nf3 d5 2.c4 e6 3.g3 Nf6 4.b3 c5 5.Bg2 Nc6 6.O-O Be7 7.Bb2 d4 8.e3 e5 9.exd4 exd4
10.a3 O-O 11.d3 Bf5 12.Qc2 a5 13.Nbd2 Nd7 14.Rae1 g5 15.h3 h5 16.Nh2 Nde5
17.Ne4 g4 18.f4 gxf3 19.Nxf3 Nxf3+ 20.Rxf3 Bg6 21.Rff1 f5 22.Nf2 Bd6 23.Qd2 Bxg3
24.Qh6 Bh7 25.Re6 Kh8 26.Qxh5 Rg8 27.Rh6 Qc7 28.Ne4 Raf8 29.Ng5 Rxg5 30.Qxg5 Be5
31.Rxf5 Rg8 32.Qh5 Qg7  1-0

[Event "SLO-chT"]
[Site "Bled"]
[Date "1996.??.??"]
[Round "4"]
[White "Kozul, Zdenko"]
[Black "Sermek, Drazen"]
[Result "1-0"]
[WhiteElo "2605"]
[BlackElo "2550"]

1.Nf3 d5 2.c4 d4 3.g3 g6 4.d3 Bg7 5.b4 e5 6.Bg2 Ne7 7.O-O O-O 8.Na3 Re8 9.Nc2 a5
10.b5 c5 11.Ba3 Nd7 12.e3 Ra7 13.Qe2 b6 14.Rae1 dxe3 15.Nxe3 Nf8 16.Bb2 f6
17.h4 Be6 18.Nd2 Bf7 19.Ne4 Ne6 20.h5 Nd4 21.Bxd4 exd4 22.Ng4 Nd5 23.cxd5 Kf8
24.h6 Bh8 25.Qd2 f5 26.Ng5 fxg4 27.Qf4 Kg8 28.d6 Bxa2 29.Rxe8+ Qxe8 30.Bc6  1-0

[Event "SLO-chT"]
[Site "Bled"]
[Date "1996.??.??"]
[Round "6"]
[White "Podkriznik, Gregor"]
[Black "Napast, Viktor"]
[Result "1-0"]
[WhiteElo "2220"]
[BlackElo "1880"]

1.Nf3 d5 2.c4 c6 3.d4 Nf6 4.Qc2 e6 5.Nbd2 Nbd7 6.g3 Bd6 7.Bg2 O-O 8.O-O e5
9.cxd5 cxd5 10.dxe5 Nxe5 11.Nxe5 Bxe5 12.Nf3 Bc7 13.Be3 Be6 14.Nd4 Bb6 15.Qb3 Rc8
16.h3 Rc4 17.Rfd1 Nd7 18.Nxe6 fxe6 19.Rxd5 exd5 20.Bxd5+ Kh8 21.Bxc4 Nc5
22.Qc2 Qd7 23.Kg2 Qc6+ 24.f3 Bc7 25.Rd1 Rf6 26.Bf2 b6 27.b4 Ne6 28.Bb3 Qb7
29.Rd7 Qc8 30.Bxe6  1-0

[Event "Bled op-B"]
[Site "Bled"]
[Date "1996.??.??"]
[Round "7"]
[White "Kostanjsek, Zorko"]
[Black "Potocnik, Primoz"]
[Result "1/2-1/2"]
[WhiteElo "2195"]
[BlackElo "2230"]

1.Nf3 d5 2.c4 e6 3.d4 c5 4.cxd5 exd5 5.Nc3 Nc6 6.Bf4 Nf6 7.e3 cxd4 8.Nxd4 Bb4
9.Bb5 Bd7 10.O-O O-O 11.Nde2 Qb6 12.Bg5 Bg4 13.Bxf6 Bxc3 14.Bxc3 Qxb5 15.Re1 Rfd8
16.Nd4 Bxd1 17.Nxb5 Bg4 18.h3 Bf5 19.Red1 Rac8 20.Rd2 a6 21.Nd4 Nxd4 22.Rxd4 Rc4
23.Rad1 Rxd4 24.Rxd4 Be6 25.Rb4  1/2-1/2